000 00515nam a2200169Ia 4500
005 20250508155458.0
008 008 250505s9999 xx 000 0 eng d
037 _aTextual
040 _aFEDL
_beng
_cFEDL
041 _aeng
_2eng
084 _a323.6, UNI
_qFEDL
245 0 _aFederal textbook on citizenship: Our constitution and government
260 _aWashington, USA
_bU.S. Government Printing Office
_c1964
300 _aviii.398p
942 _cTEXL
_h323.6, UNI
999 _c1357179
_d1357179